header

RF/microwave circuit design for wireless applications (Record no. 52197)

MARC details
000 -LEADER
fixed length control field 01529nam a2200361Ia 4500
100 1# - MAIN ENTRY--AUTHOR NAME
Personal name Rohde, Ulrich L.
245 10 - TITLE STATEMENT
Title RF/microwave circuit design for wireless applications
250 ## - EDITION STATEMENT
Edition statement 2nd ed.
260 ## - PUBLICATION, DISTRIBUTION, ETC. (IMPRINT)
Place of publication Hoboken, N.J. :
Name of publisher Wiley,
Year of publication 2013.
300 ## - PHYSICAL DESCRIPTION
Number of Pages xix, 893 p. :
Other physical details ill.
650 #0 - SUBJECT ADDED ENTRY--TOPICAL TERM
Topical Term Microwave circuits
Topical Term Microwave integrated circuits
Topical Term Radio frequency integrated circuits
Topical Term Semiconductors
Topical Term Wireless communication systems
700 1# - ADDED ENTRY--PERSONAL NAME
Personal name Rudolph, Matthias,
856 40 - ELECTRONIC LOCATION AND ACCESS
Uniform Resource Identifier http://site.ebrary.com/lib/rucke/Doc?id=10631307

No items available.

© 2026 Rongo University
Contact us: librarian | system librarian | Rongo university